00302nam a22000977a 450000500170000000800410001702000150005804000080007324500740008126000490015520200902161519.0200902b ||||| |||| 00| 0 eng d a0521370027 cCML aAn Introduction to Mathematical Physiology and Biology.cMazumdar, J. aCambridge bCambridge University Pressc1989